Statystyki dla 15 największych państw na Świecie

Kliknij tutaj aby rozwiązać quiz!

Ogólne statystyki

  • Ten quiz został rozwiązany 111 razy
  • Średni wynik to 12 z 15

Statystyki odpowiedzi

PodpowiedźOdpowiedź% Poprawnych
Azja, EuropaRosja
100%
Ameryka PółnocnaStany Zjednoczone
99%
AzjaChiny
98%
Ameryka PółnocnaKanada
96%
Ameryka PołudniowaBrazylia
95%
Australia i OceaniaAustralia
94%
Ameryka PołudniowaArgentyna
86%
AzjaIndie
86%
Ameryka PółnocnaMeksyk
83%
Azja, EuropaKazachstan
76%
AzjaIndonezja
65%
AfrykaAlgieria
63%
AzjaArabia Saudyjska
63%
AfrykaDemokratyczna Republika Konga
56%
AfrykaSudan
54%

Rozkład punktacji

Percentyl według liczby udzielonych odpowiedzi

Procent ludzi z każdym wynikiem

Twoja historia wyników

Nie rozwiązałeś tego quizu